TEORIA Y POLITICA EN LA OBRA DE CARLOS PEREYRA /
INCLUYE BIBLIOGRAFIA
Salvato in:
| Autore principale: | |
|---|---|
| Natura: | Libro |
| Soggetti: | |
| Tags: |
Nessun Tag, puoi essere il primo ad aggiungerne!!
|
MARC
| LEADER | 00000nam^a2200000^a^4500 | ||
|---|---|---|---|
| 001 | 000247854 | ||
| 005 | 20250521000000.0 | ||
| 009 | 20260310105629.787 | ||
| 020 | |a 968-856-978-X | ||
| 035 | |a 071660 | ||
| 037 | |a Acervo Xavier Clavigero | ||
| 082 | |a 320. 092 |b ORT | ||
| 100 | |a Ortiz Palacios, Luis Angel |e (autor) | ||
| 245 | 1 | 0 | |a TEORIA Y POLITICA EN LA OBRA DE CARLOS PEREYRA / |c LUIS ANGEL ORTIZ PALACIOS |
| 264 | |a MEXICO : |b UNAM, PLAZA Y VALDES, |c 2001 | ||
| 300 | |a 177 p. | ||
| 336 | |a texto |b txt |2 rdacontenido | ||
| 337 | |a sin mediación |b n |2 rdamedio | ||
| 338 | |a volumen |b nc |2 rdasoporte | ||
| 520 | |a INCLUYE BIBLIOGRAFIA | ||
| 649 | |a XX | ||
| 650 | |a PEREYRA BOLDRINI, CARLOS ALBERTO, 1940-1988 - |x CRITICA E INTERPRETACION | ||
| 650 | |a Filosofía Política | ||
| 650 | |a Política - |z México - |x Historia - |y Siglo XX | ||
| 650 | |a Movimientos Sociales | ||
| 650 | |a Izquierda, La | ||
| 650 | |a Política - |x Teoría | ||
| 910 | |a Fondo General | ||
| 920 | |a Impresos - Libros | ||
| 930 | |a Colección General | ||
| 905 | |a 101 | ||
| 901 | |a 071660 |b IT1 |c ACC |i 071660 |u 20250521 | ||
| 902 | |a https://opac.biblio.iteso.mx/vufind/Record/000247854 | ||